| 000 | 00392cam a2200157ua 4500 | ||
|---|---|---|---|
| 041 |
_aeng _h |
||
| 082 |
_a823.308 _bDIC/TA |
||
| 100 | _aDickens, Charles . | ||
| 245 |
_aTale of Two Cities / _cCharles Dickens. _hTextual Documents |
||
| 260 |
_aMadrass : _bOxford University Press , _c1972. |
||
| 300 | _a112 ; . | ||
| 504 | _a | ||
| 942 | _cBK | ||
| 999 |
_c994 _d994 |
||